BSOP header

Christ above all : (Record no. 4166)

MARC details
000 -LEADER
fixed length control field 00543nam a2200169 4500
008 - FIXED-LENGTH DATA ELEMENTS--GENERAL INFORMATION
fixed length control field 010925s1982 us engYA
020 ## - INTERNATIONAL STANDARD BOOK NUMBER
International Standard Book Number 0877848297
090 ## - LOCALLY ASSIGNED LC-TYPE CALL NUMBER (OCLC); LOCAL CALL NUMBER (OCLC)
Classification number (OCLC) (R) ; Classification number, CALL (RLIN) (NR) BS2775.3
Local cutter number (OCLC) ; Book number/undivided call number, CALL (RLIN) B81c
100 1# - MAIN ENTRY--PERSONAL NAME
Personal name Brown, Raymond
245 10 - TITLE STATEMENT
Title Christ above all :
Remainder of title the message of Hebrews /
Statement of responsibility, etc by Raymond Brown.
260 ## - PUBLICATION, DISTRIBUTION, ETC. (IMPRINT)
Place of publication, distribution, etc Illinois :
Name of publisher, distributor, etc IVPress,
Date of publication, distribution, etc c1982.
300 ## - PHYSICAL DESCRIPTION
Extent 272 p.
490 1# - SERIES STATEMENT
Series statement The Bible speaks today
650 #4 - SUBJECT ADDED ENTRY--TOPICAL TERM
Topical term or geographic name as entry element Bible. N. T. Hebrews
General subdivision Commentaries.
740 02 - ADDED ENTRY--UNCONTROLLED RELATED/ANALYTICAL TITLE
Uncontrolled related/analytical title The message of Hebrews
951 ## - EQUIVALENCE OR CROSS-REFERENCE-GEOGRAPHIC NAME/AREA NAME [OBSOLETE] [CAN/MARC only]
-- 7126
-- BS2775.3/B81c
-- 070613111004687
-- 2000-12-21
-- REF
Holdings
Withdrawn status Lost status Damaged status Not for loan Home library Current library Shelving location Date acquired Accession number Shelving control number Total Checkouts Full call number Date last seen Price effective from Koha item type
        BSOP Library BSOP Library Reference 12/21/2000 7126 127   BS2775.3/B81c 02/23/2013 02/23/2013 Books
BSOP

Biblical Seminary of the Philippines
  All rights Reserved
  © 2024

CONTACT INFORMATION

Biblical Seminary of the Philippines,
  77-B Karuhatan Road, Valenzuela City,
  PHILIPPINES 1441
  Phone: +632 8292-6795 / 8292-6798
  Fax : +632 8292-6675
  Email: library@bsop.edu.ph